00399nam a2200157Ia 4500008004100000040001900041041001200060082002200072100001700094245002700111260003300138300001700171440002900188650000900217850001500226131103s9999 xx 000 0 und d aLoreto College aEnglish aREF3bLCBED/11547 aPerry, Haydn aWet landscHaydn Perry aLondonbGeorge philipc[19?] a30p c 18cm. aLet's wander and look at aREF3 aLCBED/REF3